000 00713nam a2200253 i 4500
001 C2-0276436
003 PPAK
005 20180728004841.0
008 061128s2005 my a|||| ||||| | eng d
020 _a9833002609
040 _aPPAK
_beng
_cPPAK
_erda
082 0 4 _a032.02
_223
090 0 0 _a032.02
_bSPA
_dRK
245 0 0 _aSpace
264 1 _aBatu Caves, Selangor :
_bEarly Learner Publications ,
_c2005
300 _a40 pages :
_bcolour illustrations ;
_c28 cm
336 _2rdacontent
_atext
337 _2rdamedia
_aunmediated
338 _2rdacarrier
_avolume
490 1 _aFun with questions & answers
650 1 0 _aQuestion and answer.
830 0 _aFun with questions & answers
942 _ddc
_cB
999 _c83876
_d83876